Le mouvement littéraire Belge d'expression française : depuis 1880 /

Сохранить в:
Библиографические подробности
Главный автор: Heumann, Albert (autor)
Другие авторы: Jullian, Camille (prefacio) (prefacio)
Формат:
Язык:французский
Опубликовано: París, Francia : Mercure de France, 1913, c1913
Редактирование:2a edición
Предметы:
Метки: Добавить метку
Нет меток, Требуется 1-ая метка записи!

MARC

LEADER 00000nam^a2200000^a^4500
001 000184847
005 20250526000000.0
009 20260310102130.326
037 |a Acervo ITESO - Biblioteca 
041 |a FRA 
082 |a 840. 949303  |b HEU 
100 |a Heumann, Albert  |e (autor) 
245 1 3 |a Le mouvement littéraire Belge d'expression française :  |b depuis 1880 /  |c A. Heumann ; pref. de C. Jullian. 
250 |a 2a edición 
264 4 |a París, Francia :  |b Mercure de France,  |c 1913, c1913 
300 |a 333 p ;  |c 17.5 cm. 
336 |a texto  |b txt  |2 rdacontenido 
337 |a sin mediación  |b n  |2 rdamedio 
338 |a volumen  |b nc  |2 rdasoporte 
649 |a XX 
650 |a Literatura Belga -  |y Siglo XIX 
650 |a Literatura Belga -  |y Siglo XX 
650 |a Literatura Belga -  |x Historia y Crítica 
650 |a Literatura en Francés -  |z Bélgica -  |x Historia y Crítica -  |x Tema Principal 
700 |a Jullian, Camille  |e (prefacio) 
910 |a Fondo General 
920 |a Impresos - Libros 
930 |a Libros Antiguos y Raros 
940 |a Literatura 
905 |a 108 
901 |a 0500125790  |b IT2  |c LRA  |u 20250526 
902 |a https://opac.biblio.iteso.mx/vufind/Record/000184847